Zpívejte, křídlovky polka /
| Main Author: | Štěpánek, Josef, 1870-1935 |
|---|---|
| Other Authors: | Švehla, Antonín, 1921-, Nádvorník, Bohuslav, 1920-1994 |
| Language: | Czech |
| Published: |
Praha : Supraphon, 1976 |
| Edition: | 1. vyd. |
| Series: |
Dechová hudba (Supraphon)
|
| Physical Description: |
24 hlasů |
| LEADER | 00960ncm a22002772a 4500 | ||
|---|---|---|---|
| 001 | 001106255 | ||
| 003 | CZ BrMZK | ||
| 005 | 20110513103905.0 | ||
| 007 | qu | ||
| 008 | 021014s1976 xr f cze d | ||
| 040 | |a BOA001 |b cze | ||
| 072 | 7 | |a 784 |x Vokální hudba |2 Konspekt |9 9 | |
| 100 | 1 | |a Štěpánek, Josef, |d 1870-1935 |7 ola2003167579 |4 cmp | |
| 245 | 1 | 0 | |a Zpívejte, křídlovky |h [hudebnina] : |b polka / |c Josef Štěpánek ; slova B. Nádvorník. Láska : valčík / A. Švehla |
| 250 | |a 1. vyd. | ||
| 260 | |a Praha : |b Supraphon, |c 1976 | ||
| 300 | |a 24 hlasů | ||
| 490 | 1 | |a Dechová hudba ; |v 426 | |
| 740 | 0 | 2 | |a Láska |
| 700 | 1 | |a Švehla, Antonín, |d 1921- |7 xx0003877 |4 cmp | |
| 700 | 1 | |a Nádvorník, Bohuslav, |d 1920-1994 |7 jk01082630 |4 lyr | |
| 830 | 0 | |a Dechová hudba (Supraphon) | |
| 910 | |a BOA001 |b Mus3-0755.809 | ||
| 990 | |a MU | ||
| 991 | |b 201007 | ||
| 996 | 6 | |b 2619457894 |c Mus3-0755.809 |l MZK |r Sklad / do 1 hodiny |n 0 |w 001133437 |u 000010 |a 1 |e BOA001 |j MZK50 |s P | |
English
Čeština 